00899cam a2200265 a 450000100090000000300050000900500170001400800410003101000170007202000310008904000180012004300120013805000230015008200150017310000180018824500360020626000310024230000270027344000250030050000280032560000340035365000490038785601060043685600910054212484254Nust20170328122512.0010727s2002 nyu 000 0beng  a 2001045607 a9780297607779 (alk. paper) aDLCcDLCdDLC ae-uk---00aPR4581b.S616 200200a823.8bSMI1 aSmiley, Jane.10aCharles Dickens /cJane Smiley. aNew York :bViking,c2002. aviii, 214 p. ;c20 cm. 0aPenguin lives series a"A Lipper/Viking book."10aDickens, Charles,d1812-1870. 0aNovelists, Englishy19th centuryxBiography.423Contributor biographical informationuhttp://www.loc.gov/catdir/enhancements/fy0719/2001045607-b.html423Publisher descriptionuhttp://www.loc.gov/catdir/enhancements/fy0719/2001045607-d.html